| 000 | 00603cam a2200169 4500 | ||
|---|---|---|---|
| 001 | WB3526-27 | ||
| 008 | 000000n1999 000 0 eng u | ||
| 035 | _a(Sirsi) u102427 | ||
| 245 | _aTime running out, online retailers warn shops. | ||
| 260 | _c1999 | ||
| 490 |
_aFinancial Times _v7 July 1999, 7(1) |
||
| 520 | _a Looks at the competition between the larger companies and newer more forward-thinking enterprises, when it comes to retail on the internet. | ||
| 650 | _aELECTRONIC COMMERCE | ||
| 650 | _aINTERNET | ||
| 690 | _aMANAGEMENT-BUSINESS MANAGEMENT-INFORMATION MANAGEMENT | ||
| 942 | _n0 | ||
| 999 |
_c61441 _d61441 |
||